000 00685nam a2200205Ia 4500
003 GCL
008 140319s9999 xx 000 0 ara d
040 _aGCL /
_cGCL
082 0 4 _a811.9
_bع م
100 1 _aعبدالرحمن الابنودى
245 1 0 _aالموت على الاسفلت /
_cعبدالرحمن الابنودى
300 _a86 ص
490 _aكتاب
_v0
650 0 4 _aالشعر العربى
650 0 4 _aالشعر الحماسى
650 0 4 _aالانتفاضة
650 0 4 _aالاستعمار فى البلاد العربية
650 0 4 _aفلسطين - تاريخ - العصر الحديث - الاحتلال الصهيونى
942 _2ddc
_cBK
999 _c42906
_d42906